Singles de Sandy & Junior - Statistics

Estatísticas Gerais
  • Esse quiz foi jogado 111 vezes
  • A pontuação média é 17 de 50
Estatísticas das Respostas
Ano Música % Correto
2000 A Lenda
80%
2007 A Lenda (Ao Vivo)
80%
1991 Maria Chiquinha
77%
1999 Vamô Pulá
69%
1999 As Quatro Estações
66%
1997 Inesquecível
64%
1999 Imortal
61%
1996 Dig-Dig-Joy
59%
1995 Vai Ter Que Rebolar
56%
1997 Era Uma Vez... (part. Toquinho)
54%
1991 Aniversário do Tatu
48%
1996 Não Ter
48%
2000 Olha o que o Amor Me Faz
44%
2001 Quando Você Passa (Turuturu)
44%
1997 Beijo é Bom
43%
2000 Enrosca
41%
2004 Desperdiçou
39%
1994 Com Você
38%
1996 Etc... e Tal
34%
1997 Eu Acho Que Pirei
34%
2002 Love Never Fails
31%
2001 O Amor Faz
31%
1995 O Universo Precisa de Vocês (Power Rangers)
31%
2003 Cai a Chuva
30%
2006 Replay
30%
1992 Sábado à Noite
30%
2002 Não Dá Pra Não Pensar
28%
1999 Aprender a Amar
26%
1998 Em Cada Sonho (O Amor Feito Flecha)
26%
2005 Nada Vai Me Sufocar
26%
1993 Tô Ligado em Você
26%
2006 Estranho Jeito de Amar
25%
1998 No Fundo do Coração
25%
1992 Vamos Construir (part. Chitãozinho & Xororó)
23%
2004 Você Pra Sempre (Inveja)
23%
1992 A Resposta da Mariquinha
21%
2003 Nada É Por Acaso
21%
2001 A Gente Dá Certo
20%
2001 Eu Quero Mais
20%
2002 Words Are Not Enough
20%
2007 Abri os Olhos
18%
2003 Encanto
16%
2002 Super-Herói (Não É Fácil)
16%
1994 Dance, Dance, Dance
11%
2006 Discutível Perfeição
11%
1993 Primeiro Amor
10%
1998 Cadê Você Que Não Está
8%
1996 Férias de Julho
8%
2006 Tudo pra Você
8%
2003 Como É Grande o Meu Amor Por Você
7%
Nenhum quiz correspondente encontrado
Distribuição das Pontuações
Porcentagem de Pessoas com Cada Pontuação
Percentil de Números Respondidos
Sua Pontuação Histórica
Você não jogou esse quiz